Cenný papier - nástroj kapitálového trhu.

Kapitálový trh ako súčasť finančného trhu. Jeho podstata spočíva vo financovaní investícií, aktivizácií finančných prostriedkov najmä na základe obchodovateľných cenných papierov. Ochranné prvky cenného papiera. Ceninový papier. Ceninové farby. Tlačové techniky a kvalita tlače. Grafická úprava cenný...

Descrizione completa

Salvato in:
Dettagli Bibliografici
Autore principale: Tóth, Š.
Natura: Capitolo di libro
Lingua:slovacco
Soggetti:
Tags: Aggiungi Tag
Nessun Tag, puoi essere il primo ad aggiungerne!!

MARC

LEADER 00000naa a2200000 4500
001 r012564
005 20220826094600.0
041 0 |a slo 
044 |a SK 
245 1 0 |a Cenný papier - nástroj kapitálového trhu.  |c Š. Tóth 
520 |a Kapitálový trh ako súčasť finančného trhu. Jeho podstata spočíva vo financovaní investícií, aktivizácií finančných prostriedkov najmä na základe obchodovateľných cenných papierov. Ochranné prvky cenného papiera. Ceninový papier. Ceninové farby. Tlačové techniky a kvalita tlače. Grafická úprava cenných papierov. Založenie prvej súkromnej tlačiarne cenín Victoria Security printing, a.s. v Bratislave v r. 1991. Služby poskytované spoločnosťou. 
610 2 0 |a trh kapitálový 
610 2 0 |a papiere cenné 
610 2 0 |a tlačiarne 
610 2 0 |a Victoria Security Printing, a.s. Bratislava 
610 2 0 |a služby 
100 1 |a Tóth, Š.